| 000 | 00657nam a2200205Ii 4500 | ||
|---|---|---|---|
| 003 | JO-AjNU | ||
| 008 | 230605s9999||||xx |||||||||||||| ||und|| | ||
| 040 |
_aJO-AjNU _bara _erda _cJO-AjNU |
||
| 041 | _aara | ||
| 050 | 1 | 4 | _aBP195 2013 |
| 100 | 3 |
_aالراشد، محمد أحمد, _eauthor _945501 |
|
| 245 | 0 | 0 | _aالردة عن الحرية |
| 264 | 3 | 1 | _aد.م: دار الدعوة، 2013 |
| 300 | _a63ص | ||
| 336 |
_atext _btxt _2rdacontent |
||
| 337 |
_aunmediated _bn _2rdamedia |
||
| 338 |
_avolume _bnc _2rdacarrier |
||
| 490 | 0 | _aسلسلة التوعية السياسية الاسلامية | |
| 650 | 4 |
_aالتوعية السياسية _945502 |
|
| 999 |
_aA19729 _c23297 _d23297 |
||